000 00285nam a22001337a 4500
008 170605b xxu||||| |||| 00| 0 eng d
020 _a0385423489
041 _aeng
080 _a94
100 _a18
101 _aSHH
245 _aHISTORY AND PROPHECY
_cPECKBAM,B
942 _2udc
_cBK
999 _c15847
_d15847